Основные направления инновационно-инвестиционной политики государства; Нефтяное хозяйство; № 9

Bibliografski detalji
Parent link:Нефтяное хозяйство: научно-технический производственный журнал.— , 1925-1940, 1946-.— 0028-2448
№ 9.— 2003.— С. 26-28
Glavni autor: Стрижков С. Н.
Jezik:ruski
Izdano: 2003
Serija:Экономика, управление, право
Teme:
Format: MixedMaterials Poglavlje knjige
KOHA link:https://koha.lib.tpu.ru/cgi-bin/koha/opac-detail.pl?biblionumber=388536

MARC

LEADER 00000naa2a2200000 4500
001 388536
005 20231101063749.0
035 |a (RuTPU)RU\TPU\prd\19804 
090 |a 388536 
100 |a 20031119a2003 k y0rusy50 ca 
101 0 |a rus 
102 |a RU 
200 1 |a Основные направления инновационно-инвестиционной политики государства  |f С. Н. Стрижков 
225 1 |a Экономика, управление, право 
461 1 |0 (RuTPU)RU\TPU\prd\1638  |x 0028-2448  |t Нефтяное хозяйство  |o научно-технический производственный журнал  |d 1925-1940, 1946- 
463 1 |0 (RuTPU)RU\TPU\prd\19234  |t № 9  |v С. 26-28  |d 2003 
610 1 |a государство 
610 1 |a инвестиции 
610 1 |a инновации 
610 1 |a направления 
610 1 |a инновационные стратегии 
610 1 |a стимулирование 
610 1 |a нефтяная промышленность 
675 |a 338.45:622.276  |v 3 
700 1 |a Стрижков  |b С. Н. 
801 1 |a RU  |b 63413507  |c 20031119  |g PSBO 
801 2 |a RU  |b 63413507  |c 20131028  |g RCR 
942 |c BK